000 00948nab a2200217 i 4500
005 20260427201116.0
008 251127d19892022ua tr|j| |||| 00| 0 ara d
040 _aEG-GICUC
_cEG-GICUC
_dEG-GICUC
_erda
082 0 4 _a343.93
_221
245 0 0 _aاتجاهات السياسة الجنائية الحديثة في معاملة المجرمين الخطرين /
_cإعداد: د. ميادة مصطفى محمد المحروقي.
264 0 1 _aالقاهرة :
_bكلية الحقوق-جامعة المنصورة،
_c2021 -
300 _a911-1086 صفحة؛
_c26 سم.
336 _2rda content
_aText
337 _2rda media
_aunmediated
338 _2rda carrier
_avolume
362 0 _a.
773 _tمجلة البحوث القانونية والإقتصادية.
_gالعدد الثامن والسبعون: الجزء الثاني.
_w46646
856 _uhttps://fll.law.cu.edu.eg/fulltext/cr/S00-088555.pdf
905 _a9
942 _2ddc
_cARTC
_n0
999 _c46651
_d46651